W tym roku do UE dołączyły... - Statystyki

Ogólne statystyki
  • Ten quiz został rozwiązany 37 razy
    21 od ostatniego zresetowania
  • Średni wynik to 11 z 29
Statystyki odpowiedzi
Hint Odpowiedź % Poprawnych
1957 (6) Belgia
81%
1957 (7) Francja
63%
2004 (5), Ł... Łotwa
63%
2004 (6) Polska
63%
1957 (6), półwysep Włochy
50%
2004 (7) Estonia
44%
1957 (8) Holandia
44%
2004 (5) Litwa
44%
1957 (10) Luksemburg
44%
1995 (7), ..cja Szwecja
44%
2013 Chorwacja
38%
2004 (4) Cypr
38%
2004 (6), Cz.. Czechy
38%
1981 Grecja
38%
2004 (5), wyspa Malta
38%
1957 (3) RFN
38%
2004 (8), ...nia Słowenia
38%
2007 (9) Bułgaria
31%
1973 (5) Dania
31%
1973 (8) Irlandia
31%
2007 (7) Rumunia
31%
2004 (8) Słowacja
31%
2004 (5), .ę.. Węgry
31%
1973 (15) Wielka Brytania
31%
1995 (7) Austria
25%
1995 (9) Finlandia
25%
1986 (9) Hiszpania
25%
1990 NRD
25%
1986 (10) Portugalia
25%
Nie znaleziono quizów pasujących do podanych kryteriów
Rozkład punktacji
Procent ludzi z każdym wynikiem
Percentyl według liczby udzielonych odpowiedzi
Twoja historia wyników
Nie rozwiązałeś tego quizu od ostatniego zresetowania